2013 Albums - Statistics

General Stats
  • This quiz has been taken 341 times
  • The average score is 17 of 76
Answer Stats
Date Album Band % Correct
Jul 12 Blurred Lines Robin Thicke
79%
Nov 5 The Marshall Mathers LP 2 Eminem
71%
Jun 18 Yeezus Kanye West
68%
Nov 8 ARTPOP Lady Gaga
68%
Oct 18 Prism Katy Perry
67%
Oct 4 Bangerz Miley Cyrus
67%
Mar 15 The 20/20 Experience Justin Timberlake
64%
Jul 4 Magna Carta Holy Grail Jay-Z
62%
May 14 Demi Demi Lovato
61%
Sep 27 Pure Heroine Lorde
57%
Apr 19 #willpower will.i.am
57%
Nov 29 Britney Jean Britney Spears
55%
Jan 15 Long. Live. ASAP. A$AP Rocky
48%
Nov 25 Midnight Memories One Direction
46%
Dec 13 B______ Beyoncé
45%
May 17 Random Access Memories Daft Punk
45%
Sep 9 AM Arctic Monkeys
38%
Aug 23 Halcyon Days Ellie Goulding
34%
Jul 19 Stars Dance Selena Gomez
32%
Dec 23 Journals Justin Bieber
30%
Oct 8 Too Weird to Live, To Rare to Die! Panic! at the Disco
29%
Sep 20 Nothing Was the Same Drake
28%
Apr 12 Save Rock and Roll Fall Out Boy
28%
Sep 3 Yours Truly Ariana Grande
27%
May 14 Modern Vampires of the City Vampire Weekend
27%
Mar 26 I Am Not a Human Being II Lil Wayne
26%
Oct 29 Reflektor Arcade Fire
22%
Mar 26 Native OneRepublic
22%
Dec 6 Because the Internet Childish Gambino
21%
Apr 16 Indicud Kid Cudi
17%
Sep 27 Days Are Gone Haim
16%
Nov 5 Matangi M.I.A.
15%
Nov 1 A____ L______ Avril Lavigne
14%
Sep 24 This Is... I____ P__ Icona Pop
14%
Sep 13 True Avicii
13%
Sep 20 Mechanical Bull Kings of Leon
13%
Feb 2 m b v My Bloody Valentine
13%
Sep 10 Kiss Land The Weeknd
13%
Jun 18 Watching Movies with the Sound Off Mac Miller
12%
Apr 1 Sempiternal Bring Me the Horizon
11%
Jun 4 In a Tidal Wave of Mystery Capital Cities
10%
Apr 9 P_______ Paramore
10%
Mar 26 Comedown Machine The Strokes
10%
Apr 2 Wolf Tyler, The Creator
10%
Sep 20 The Bones of What You Believe Chvrches
9%
Apr 23 Bankrupt! Phoenix
9%
Jun 10 13 Black Sabbath
8%
Jan 1 I Got a Boy Girls' Generation
8%
Dec 17 Underground Luxury B.o.B
7%
Sep 13 The Diving Board Elton John
7%
Oct 14 Lightning Bolt Pearl Jam
7%
Apr 23 Reincarnated Snoop Lion
7%
Jun 25 The Gifted Wale
7%
Aug 27 Hall of Fame Big Sean
6%
Jun 12 Kveikur Sigur Rós
6%
Jan 22 We Are the 21st Century

Ambassadors of Peace & Magic

Foxygen
5%
Apr 15 Free the Universe Major Lazer
5%
Oct 11 New Paul McCartney
5%
Jan 2 Leaving Skrillex
5%
Apr 22 I Love You The Neighbourhood
5%
Oct 8 Common Courtesy A Day to Remember
4%
Jun 5 Tomorrow's Harvest Boards of Canada
4%
Sep 17 M___ MGMT
4%
Jun 18 Omens 3OH!3
3%
May 7 Access All Areas Justice
3%
Oct 4 The Paradigm Shift Korn
3%
Feb 5 Release the Panic Red
3%
Apr 1 The Terror The Flaming Lips
3%
Mar 19 Anthems Anthrax
2%
Apr 2 Disarm the Descent Killswitch Engage
2%
May 6 Haunted House Knife Party
2%
Jan 22 Reborn Trapt
2%
Sep 24 Rise A Skylit Drive
1%
Oct 8 Acceptance Speech Dance Gavin Dance
1%
May 7 Magnetic Goo Goo Dolls
1%
Mar 26 13 Suicidal Tendencies
1%
No matching quizzes found
Score Distribution
Percent of People with Each Score
Percentile by Number Answered
Your Score History
You have not taken this quiz